000 01102nam a22002177a 4500
999 _c57099
_d57099
003 Ge_BSU
005 20191119112712.0
008 191119s2018 ge ||||| |||| 00| 0 geo d
020 _a9789941263842
041 _ageo
080 _a339.727.22 ს-56
100 _aსიხარულიძე, დავით.
_95418
245 _aუცხოური პირდაპირი ინვესტიციები :
_bთეორია და საქართველოს გამოცდილება /
_cდავით სიხარულიძე ; ვახტანგ ჭარაია ; რედ. ვლადიმერ პაპავა.
264 _aთბილისი :
_bუნივერსალი,
_c2018.
300 _a200 გვ .:
_c20 სმ.
500 _aგამოყენებული ლიტ:გვ:186-200
653 _aეკონომიკა
700 _aჭარაია, ვახტანგ
_95419
700 _aპაპავა, ვლადიმერ
_eრედაქტორი
_9567
942 _2udc
_cBK